The sacred almoner, in two discourses : the first offers advice to the bountiful, to devote some certain proportion of their revenues to pious and charitable uses. The second contains the scripture-account of liberality in scripture-language. By Benjamin Fawcett.

Bibliographic Details
Main Author: Fawcett, Benjamin, 1715-1780
Format: eBook
Language:English
Series:Eighteenth century collections online.
Online Access:Full text online

MARC

Tag First Indicator Second Indicator Subfields
LEADER 00000cam a2200000 4500
001 in00001908596
006 m | d |
007 cr |n||||||||n
008 851125s1757 enk|||| s 00||||eng d
005 20260414192838.2
035 |a (CStRLIN)ESTCN21432 
040 |a Cu-RivES  |c Cu-RivES  |d CStRLIN  |d Thomson Gale  |d UtOrBLW 
100 1 |a Fawcett, Benjamin,  |d 1715-1780. 
245 1 4 |a The sacred almoner, in two discourses :  |b the first offers advice to the bountiful, to devote some certain proportion of their revenues to pious and charitable uses. The second contains the scripture-account of liberality in scripture-language. By Benjamin Fawcett. 
264 3 |a Salop :  |b printed by J. Eddowes, and J. Cotton; and sold by J. Buckland, London,  |c 1757. 
300 |a 104p. ;  |c 12⁰. 
336 |a text  |b txt  |2 rdacontent 
337 |a computer  |b c  |2 rdamedia 
338 |a online resource  |b cr  |2 rdacarrier 
500 |a Reproduction of original from the John Rylands University Library of Manchester. 
510 4 |a English Short Title Catalog,  |c ESTCN21432. 
533 |a Electronic reproduction.  |b Farmington Hills, Mich. :  |c Thomson Gale,  |d 2003.  |n Available via the World Wide Web.  |n Access limited by licensing agreements  |7 s2003 miunns 
500 |a Electronic resource. 
830 0 |a Eighteenth century collections online. 
856 4 0 |u http://proxy.library.tamu.edu/login?url=https://galenet.galegroup.com/servlet/ECCO?c=1&stp=Author&ste=11&af=BN&ae=N021432&tiPG=1&dd=0&dc=flc&docNum=CW122374159&vrsn=1.0&srchtp=a&d4=0.33&n=10&SU=0LRF&locID=txshracd2898  |z Full text online  |t 0 
999 |a MARS 
999 f f |s 46e9595d-19e9-3644-b923-672deec195cb  |i b846de16-8d5e-3443-b827-8d92f1a0e4c4  |t 0 
952 f f |a Texas A&M University  |b College Station  |c Electronic Resources  |s www_evans  |d Available Online  |t 0  |h No information provided 
998 f f |t 0  |l Available Online